LEADER 01157nam a2200229 i 4500 001 000000165142 003 CaOOAMICUS 005 20201223115136.0 008 071009s2000 it o u001 u ita u 013 $a142510 040 $aSeMil$bita 100 1 $aAssociazione Don Mario Ciceri.$0(OLS)http://semarc/name/62347 245 10$aDon Mario Ciceri :$bieri e oggi a Sulbiate. Le sue opere di bene continuano oggi nelle attivitą volontarie dell'associazione che ne porta il nome /$cA cura dell' Associazione Don Mario Ciceri. 260 $a[S.l. :$bs.n.]$e(Milano :$fTipografia CM,$g2000) 300 $a149 p. :$bill. ;$c24 cm 500 $aContiene : Opuscolo 600 10$aCiceri, Mario .$0(OLS)http://semarc/subject/51434 850 $aSeMil 852 $aSeMil$W1$xVenegono$y1$m3G III 407$j223179$B116338$CSeMilBibl$Z2$F127696 $81 996 $6245$aDon Mario Ciceri :$bieri e oggi a Sulbiate. Le sue opere di bene continuano oggi nelle attivitą volontarie dell'associazione che ne porta il nome$9(OLS)http://semarc/title/235702 996 $6260$a[S.l. :$bs.n.]$9(OLS)http://semarc/publisher/29751 LEADER 01298nam a2200229 i 4500 001 000000248755 003 CaOOAMICUS 005 20160411000000.0 008 160411s1823 it u000 u lat u 013 $a227660 026 $ai.us t.ce o-r- l*fe (3) 1823 (R) [*= ae] 040 $aSeMil$bita 245 10$aTomus primus complectens omnia Gauanti commentaria in rubricas missalis romani. 300 $axxiv, 384 p. 500 $aSegn. : A8 b4 A-2A8. 500 $aMarca editoriale: Aquila bicipite con una corona tra le due teste. In una cornice vegetale (Repertorio consultato: Marte, BNC Roma). 773 0 $aGavanti, Bartolomeo <1569-1638>$tThesaurus sacrorum rituum auctore rev. patre D. Bartholomaeo Gavanto ... cum novis obseruationibus, et additionibus R.P.D. Cajetani-Mariae Merati ... Tomus 1. [-3.].$bEditio novissima, ceteris omnibus correctior, et locupletior; cui, praeter quadringenta circiter alia Decreta, ... editam a Merato ...$dVenetiis : Ex Typographia Balleoniana, 1823.$g1$w()33112 850 $aSeMil 852 $aSeMil$W1$xVenegono$y1$m3K V 59 FA$j199101$B199101$CSeMilBibl$Z2$F210480 $8I 941 1 $a10 961 $aRecupero: Mantegazza 996 $6245$aTomus primus complectens omnia Gauanti commentaria in rubricas missalis romani$9(OLS)http://semarc/title/350976 LEADER 01165nam a2200253 i 4500 001 000000046518 003 CaOOAMICUS 005 20071120000000.0 008 071120s1995 it u000 u ita u 013 $a17688 040 $aSeMil$bita 100 1 $aCaimi, Luciano,$d<1947- >.$0(OLS)http://semarc/name/5077 245 10$aGianni Rodari a Gavirate :$bgli anni giovanili. In appendice : dieci racconti di Rodari adolescente /$cLuciano Caimi, Federica Lucchini. 260 $aGavirate :$bNicolini,$cstampa 1995. 300 $a90 p. ;$c24 cm. 650 4$aGavirate.$0(OLS)http://semarc/subject/7818 650 4$aRodari, Gianni.$0(OLS)http://semarc/subject/8223 700 1 $aLucchini, Federica.$0(OLS)http://semarc/name/23139 700 1 $aRodari, Gianni,$d<1920-1979>.$0(OLS)http://semarc/name/23138 850 $aSeMil 852 $aSeMil$W1$xVenegono$y1$m1O V 60$j12673$B12673$CSeMilBibl$Z2$F12673 $81 961 $aOmaggio: Donazione 996 $6245$aGianni Rodari a Gavirate :$bgli anni giovanili. In appendice : dieci racconti di Rodari adolescente$9(OLS)http://semarc/title/69577 996 $6260$aGavirate :$bNicolini$9(OLS)http://semarc/publisher/32542